| 000 | 00459pab a2200169 454500 | ||
|---|---|---|---|
| 008 | 180718b xxu||||| |||| 00| 0 eng d | ||
| 100 | _aKaur Rajinder | ||
| 245 | _aManagerial styles in the public sector | ||
| 362 | _a28(4) Apr 93, p.363-68 | ||
| 650 | _a Administrative Officers | ||
| 650 | _a Executives | ||
| 650 | _a Decision Making | ||
| 650 | _a Managers | ||
| 650 | _aLeadership | ||
| 773 | _aIndian Journal of Industrial Relations | ||
| 909 | _a24995 | ||
| 999 |
_c24995 _d24995 |
||